Loading...
Literature - World Literature | 0 | 8 | 0 | 0 | 80 | 45 | 64.38 | 1 | 4 |
Literature - American Literature | 0 | 8 | 1 | 1 | 75 | 39 | 81.38 | 1 | 2 |
Painting/Sculpture | 0 | 8 | 1 | 2 | 75 | 28 | 66.13 | 3 | 6 |
Literature - European Literature | 0 | 4 | 1 | 0 | 35 | 47 | 68.00 | 2 | 2 |
Current Events | 0 | 3 | 1 | 0 | 25 | 18 | 37.00 | 2 | 3 |
Literature - British Literature | 0 | 4 | 3 | 0 | 25 | 48 | 66.50 | 0 | 2 |
Fine Arts - Other Fine Arts | 0 | 2 | 0 | 0 | 20 | 50 | 61.00 | 0 | 1 |
Mythology | 0 | 2 | 1 | 0 | 15 | 42 | 59.00 | 1 | 1 |
Philosophy | 0 | 1 | 0 | 0 | 10 | 93 | 93.00 | 0 | 1 |
Fine Arts - Classical Music | 0 | 1 | 0 | 0 | 10 | 71 | 71.00 | 0 | 1 |
Geography | 0 | 1 | 0 | 0 | 10 | 103 | 103.00 | 0 | 0 |
Science - Biology | 0 | 1 | 0 | 0 | 10 | 76 | 76.00 | 0 | 0 |
Religion | 0 | 1 | 1 | 1 | 5 | 111 | 111.00 | 0 | 0 |